<?xml version="1.0" encoding="UTF-8"?>
<record
    xmlns:xsi="http://www.w3.org/2001/XMLSchema-instance"
    xsi:schemaLocation="http://www.loc.gov/MARC21/slim http://www.loc.gov/standards/marcxml/schema/MARC21slim.xsd"
    xmlns="http://www.loc.gov/MARC21/slim">

  <leader>01011nam a22002417a 4500</leader>
  <datafield tag="010" ind1=" " ind2=" ">
    <subfield code="a">A-823968</subfield>
  </datafield>
  <datafield tag="020" ind1=" " ind2=" ">
    <subfield code="c">200.00</subfield>
  </datafield>
  <datafield tag="035" ind1=" " ind2=" ">
    <subfield code="a">A-823968</subfield>
  </datafield>
  <datafield tag="037" ind1=" " ind2=" ">
    <subfield code="b">Cen Lib / Ret</subfield>
  </datafield>
  <datafield tag="040" ind1=" " ind2=" ">
    <subfield code="a">DPL</subfield>
    <subfield code="b">PN</subfield>
  </datafield>
  <datafield tag="082" ind1=" " ind2=" ">
    <subfield code="a">852</subfield>
    <subfield code="b">&#xA2A;&#xA4D;&#xA30;&#xA40;&#xA24;&#xA2E;</subfield>
  </datafield>
  <datafield tag="245" ind1=" " ind2=" ">
    <subfield code="a">&#xA2A;&#xA3E;&#xA02;&#xA27;&#xA40; &#xA28;&#xA28;&#xA15;&#xA3E;&#xA23;&#xA35;&#xA40; &#xA26;&#xA3E; &#xA28;&#xA3E;&#xA1F;&#xA15; &#xA38;&#xA70;&#xA38;&#xA3E;&#xA30; /</subfield>
    <subfield code="c">&#xA38;&#xA70;&#xA2A;&#xA3E;&#xA26;&#xA15; &#xA2A;&#xA4D;&#xA30;&#xA40;&#xA24;&#xA2E; &#xA38;&#xA3F;&#xA70;&#xA18; </subfield>
  </datafield>
  <datafield tag="246" ind1=" " ind2=" ">
    <subfield code="a">Pandhi nanakanvi da natak sansar /</subfield>
    <subfield code="b">edited by Pritam Singh</subfield>
  </datafield>
  <datafield tag="260" ind1=" " ind2=" ">
    <subfield code="a">&#xA28;&#xA35;&#xA40;&#xA02; &#xA26;&#xA3F;&#xA71;&#xA32;&#xA40; </subfield>
    <subfield code="b">&#xA28;&#xA3E;&#xA1F; &#xA15;&#xA32;&#xA3E; &#xA2A;&#xA4D;&#xA30;&#xA15;&#xA3E;&#xA38;&#xA3C;&#xA28;</subfield>
    <subfield code="c">1996</subfield>
  </datafield>
  <datafield tag="270" ind1=" " ind2=" ">
    <subfield code="a">&#xA1C;&#xA47;-8/122, &#xA30;&#xA3E;&#xA1C;&#xA4B;&#xA30;&#xA40; &#xA17;&#xA3E;&#xA30;&#xA21;&#xA28;</subfield>
    <subfield code="b">&#xA28;&#xA35;&#xA40;&#xA02; &#xA26;&#xA3F;&#xA71;&#xA32;&#xA40;</subfield>
    <subfield code="e">110027</subfield>
  </datafield>
  <datafield tag="300" ind1=" " ind2=" ">
    <subfield code="a">263 p.</subfield>
    <subfield code="c">23cm(Hb)</subfield>
  </datafield>
  <datafield tag="650" ind1=" " ind2=" ">
    <subfield code="a">&#xA38;&#xA3E;&#xA39;&#xA3F;&#xA24;--&#xA2A;&#xA70;&#xA1C;&#xA3E;&#xA2C;&#xA40; </subfield>
    <subfield code="9">133893</subfield>
  </datafield>
  <datafield tag="650" ind1=" " ind2=" ">
    <subfield code="a">&#xA2A;&#xA70;&#xA1C;&#xA3E;&#xA2C;&#xA40; --&#xA28;&#xA3E;&#xA1F;&#xA15;</subfield>
    <subfield code="9">133894</subfield>
  </datafield>
  <datafield tag="650" ind1=" " ind2=" ">
    <subfield code="a">Literature--Punjabi </subfield>
    <subfield code="9">133895</subfield>
  </datafield>
  <datafield tag="650" ind1=" " ind2=" ">
    <subfield code="a">Punjabi--Play</subfield>
    <subfield code="9">7361</subfield>
  </datafield>
  <datafield tag="700" ind1=" " ind2=" ">
    <subfield code="a">&#xA2A;&#xA4D;&#xA30;&#xA40;&#xA24;&#xA2E; &#xA38;&#xA3F;&#xA70;&#xA18; </subfield>
    <subfield code="9">133896</subfield>
  </datafield>
  <datafield tag="942" ind1=" " ind2=" ">
    <subfield code="2">ddc</subfield>
    <subfield code="c">PN</subfield>
    <subfield code="e">1999</subfield>
    <subfield code="h">852</subfield>
    <subfield code="m">&#xA2A;&#xA4D;&#xA30;&#xA40;&#xA24;&#xA2E;</subfield>
  </datafield>
  <datafield tag="999" ind1=" " ind2=" ">
    <subfield code="c">110734</subfield>
    <subfield code="d">110734</subfield>
  </datafield>
  <datafield tag="952" ind1=" " ind2=" ">
    <subfield code="0">0</subfield>
    <subfield code="1">0</subfield>
    <subfield code="4">0</subfield>
    <subfield code="7">0</subfield>
    <subfield code="a">L</subfield>
    <subfield code="b">L</subfield>
    <subfield code="d">2016-02-08</subfield>
    <subfield code="e">Cen Lib/Ret</subfield>
    <subfield code="g">200.00</subfield>
    <subfield code="l">0</subfield>
    <subfield code="o">852 &#xA2A;&#xA4D;&#xA30;&#xA40;&#xA24;&#xA2E;</subfield>
    <subfield code="p">A-823968</subfield>
    <subfield code="r">2016-02-08 00:00:00</subfield>
    <subfield code="t">1</subfield>
    <subfield code="v">200.00</subfield>
    <subfield code="w">2016-02-08</subfield>
    <subfield code="y">PN</subfield>
  </datafield>
</record>
